Red Characters/Things- Sudden Death - Statistics

General Stats
  • This quiz has been taken 80 times
    75 since last reset
  • The average score is 8 of 30
Answers on the Grid
Answers color-coded by a green-red scale on the quiz's grid according to % correct below.
Wenda (Sprunki)
Raddy (Sprunki)
Simon (Sprunki)
Jevin (Sprunki)
Ruby (BFB/BFBFB)
Roboty (BFB)
Pen (BFDI/BFB/TPOT)
Pin (BFDI/BFDIA/BFB/TPOT)
Book (BFDIA/BFB/TPOT)
Lollipop (BFB/BFBFB)
Fries (BFDIA/BFB/TPOT)
Marker (BFB/TPOT)
Fan (II/III)
Candle (II/III)
Apple (II)
Balloon (II/III)
Cherries (II)
Soap (II)
Gigi (Dandy's World)
Vee (Dandy's World)
Brightney (Dandy's World)
Sprout (Dandy's World)
Rodger (Dandy's World)
Toodles (Dandy's World)
Anger (Inside Out 2)
Anxiety (Inside Out 2)
Embarrassment (Inside Out 2)
Azerbaijan (Country Flag)
China (Country Flag)
Vietnam (Country Flag)
Morocco (Country Flag)
Albania (Country Flag)
Parrot (Minecraft Mobs)
Frog (Minecraft Mobs)
Strider (Minecraft Mobs)
Vermillion (Red Names)
Maroon (Red Names)
Scarlet (Red Names)
Magenta (Red Names)
Youtube (Logos)
Spotify (Logos)
McDonalds (Logos)
Kentucky Fried Chicken (Logos)
Wendy's (Logos)
Strawberry (Fruit)
Apple (Fruit)
Watermelon, the inside (Fruit)
Avocado (Vegetables)
Watermelon, the outside (Fruit)
Raspberry (Fruit)
 
Answer Stats
Answer % Correct
Raddy (Sprunki)
69%
Ruby (BFB/BFBFB)
43%
Anger (Inside Out 2)
40%
Apple (II)
36%
Cherries (II)
33%
China (Country Flag)
33%
Scarlet (Red Names)
33%
Pin (BFDI/BFDIA/BFB/TPOT)
29%
Vermillion (Red Names)
29%
Albania (Country Flag)
26%
Apple (Fruit)
26%
Balloon (II/III)
26%
Fries (BFDIA/BFB/TPOT)
26%
Maroon (Red Names)
26%
Strawberry (Fruit)
26%
Morocco (Country Flag)
24%
Roboty (BFB)
24%
Watermelon, the inside (Fruit)
24%
Kentucky Fried Chicken (Logos)
21%
McDonalds (Logos)
21%
Parrot (Minecraft Mobs)
21%
Vietnam (Country Flag)
21%
Youtube (Logos)
21%
Gigi (Dandy's World)
19%
Sprout (Dandy's World)
19%
Wendy's (Logos)
19%
Brightney (Dandy's World)
14%
Raspberry (Fruit)
14%
Fan (II/III)
10%
Strider (Minecraft Mobs)
5%
No matching quizzes found
Score Distribution
Percent of People with Each Score
Percentile by Number Answered
Your Score History
You have not taken this quiz since the last reset